000
00319nam a22001217a 4500
040
_c
HS
082
_a
571
100
_a
គួួយ សុផល
245
_a
សរីរៈវិទ្យារុក្ខជាតិ plant physiology
260
_a
RUA
_b
គួយ សុផល
_c
1997
300
_a
210p.
942
_c
KB
999
_c
8820
_d
8820